| 000 | 00667nam a2200217 a 4500 | ||
|---|---|---|---|
| 999 |
_c156 _d156 |
||
| 001 | 156 | ||
| 003 | BD-JhCC | ||
| 005 | 20171001153916.0 | ||
| 008 | 171001b b |||| |||| 000 0 ben d | ||
| 035 | _a(BD-JhCC)156 | ||
| 040 |
_aBD-JhCC _dBD-JhCC |
||
| 041 | _aben | ||
| 082 |
_a954.9205 _bDAS |
||
| 100 | _aদাস, দিলিপ কুমার. | ||
| 245 |
_aসংগ্রামী বাংলা / _cদিলিপ কুমার দাস |
||
| 260 |
_aবরিশাল : _bমনীষা, |
||
| 300 |
_a৮২ পৃ. : _c২০ সেমি. |
||
| 651 |
_aBangladesh _xHistory -- Revolution, 1971. |
||
| 942 |
_2ddc _cBK |
||